书目信息 |
| 题名: |
糙米
|
|
| 作者: | 张小马 主编 | |
| 分册: | 03 好好吃 温柔爱 | |
| 出版信息: | 北京 电子工业出版社 2018 |
|
| 页数: | 165页 | |
| 开本: | 26cm | |
| 丛书名: | ||
| 单 册: | ||
| 中图分类: | TS972.123 , R247.1 | |
| 科图分类: | ||
| 主题词: | 素菜--菜谱 , 中医学:临床医学 | |
| 电子资源: | ||
| ISBN: | 978-7-121-35009-2 | |
| 000 | 00893nam0 2200265 450 | |
| 001 | 2337763789 | |
| 005 | 20231130102958.57 | |
| 010 | @a978-7-121-35009-2@dCNY58.00 | |
| 100 | @a20181129d2018 em y0chiy50 ea | |
| 101 | 0 | @achi |
| 102 | @aCN@b110000 | |
| 105 | @aa z 000yy | |
| 200 | 1 | @a糙米@Acao mi@h03@i好好吃 温柔爱@f张小马主编 |
| 210 | @a北京@c电子工业出版社@d2018 | |
| 215 | @a165页@c图@d26cm | |
| 312 | @a封面英文题名:Brown rice. 03, Shake the world in a gentle way | |
| 330 | @a本书是纯素食系列MOOK书系“糙米”的第三本,作者将视线关注于都市青年的极简生活、极简饮食和环保生活方式。 | |
| 510 | 1 | @aBrown rice@i03@hShake the world in a gentle way@zeng |
| 606 | 0 | @a素菜@x菜谱 |
| 606 | 0 | @a中医学:临床医学 |
| 690 | @aTS972.123@v5 | |
| 690 | @aR247.1@v4 | |
| 701 | 0 | @a张小马@Azhang xiao ma@c(女)@4主编 |
| 801 | 0 | @aCN@b山东中教@c20231126 |
| 905 | @aBZT@dR247.1@e347:3 | |
| 糙米.03.好好吃 温柔爱/张小马主编.-北京:电子工业出版社,2018 |
| 165页:图;26cm |
| ISBN 978-7-121-35009-2:CNY58.00 |
| 本书是纯素食系列MOOK书系“糙米”的第三本,作者将视线关注于都市青年的极简生活、极简饮食和环保生活方式。 |
| ● |
| 相关链接 |
|
|
|
正题名:糙米
索取号:R247.1/347:3
 
预约/预借
| 序号 | 登录号 | 条形码 | 馆藏地/架位号 | 状态 | 备注 |
| 1 | 2001238823 | 2001238823 | 中教(第二批第二书库)/山东中教(第二批)/2504/ [索取号:R247.1/347:3] | 在馆 | |
| 2 | 2001238824 | 2001238824 | 中教(第二批第二书库)/山东中教(第二批)/2504/ [索取号:R247.1/347:3] | 在馆 | |
| 3 | 2001238825 | 2001238825 | 中教(第二批第二书库)/山东中教(第二批)/2504/ [索取号:R247.1/347:3] | 在馆 | |
| 4 | 2001238826 | 2001238826 | 中教(第二批第二书库)/山东中教(第二批)/2504/ [索取号:R247.1/347:3] | 在馆 | |
| 5 | 2001238827 | 2001238827 | 中教(第二批第二书库)/山东中教(第二批)/2504/ [索取号:R247.1/347:3] | 在馆 | |
| 6 | 2001238828 | 2001238828 | 中教(第二批第二书库)/山东中教(第二批)/2504/ [索取号:R247.1/347:3] | 在馆 | |
| 7 | 2001238829 | 2001238829 | 中教(第二批第二书库)/山东中教(第二批)/2504/ [索取号:R247.1/347:3] | 在馆 | |
| 8 | 2001238830 | 2001238830 | 中教(第二批第二书库)/山东中教(第二批)/2504/ [索取号:R247.1/347:3] | 在馆 | |
| 9 | 2001238831 | 2001238831 | 中教(第二批第二书库)/山东中教(第二批)/2504/ [索取号:R247.1/347:3] | 在馆 | |
| 10 | 2001238832 | 2001238832 | 中教(第二批第二书库)/山东中教(第二批)/2504/ [索取号:R247.1/347:3] | 在馆 | |
| 11 | 2001238833 | 2001238833 | 中教(第二批第二书库)/山东中教(第二批)/2504/ [索取号:R247.1/347:3] | 在馆 | |
| 12 | 2001238834 | 2001238834 | 中教(第二批第二书库)/山东中教(第二批)/2504/ [索取号:R247.1/347:3] | 在馆 | |
| 13 | 2001238835 | 2001238835 | 中教(第二批第二书库)/山东中教(第二批)/2504/ [索取号:R247.1/347:3] | 在馆 | |
| 14 | 2001238836 | 2001238836 | 中教(第二批第二书库)/山东中教(第二批)/2504/ [索取号:R247.1/347:3] | 在馆 | |
| 15 | 2001238837 | 2001238837 | 中教(第二批第二书库)/山东中教(第二批)/2504/ [索取号:R247.1/347:3] | 在馆 | |
| 16 | 2001238838 | 2001238838 | 中教(第二批第二书库)/山东中教(第二批)/2504/ [索取号:R247.1/347:3] | 在馆 | |
| 17 | 2001238839 | 2001238839 | 中教(第二批第二书库)/山东中教(第二批)/2504/ [索取号:R247.1/347:3] | 在馆 | |
| 18 | 2001238840 | 2001238840 | 中教(第二批第二书库)/山东中教(第二批)/2504/ [索取号:R247.1/347:3] | 在馆 | |
| 19 | 2001238841 | 2001238841 | 中教(第二批第二书库)/山东中教(第二批)/2504/ [索取号:R247.1/347:3] | 在馆 | |
| 20 | 2001238842 | 2001238842 | 中教(第二批第二书库)/山东中教(第二批)/2504/ [索取号:R247.1/347:3] | 在馆 | |
| 21 | 2001238843 | 2001238843 | 中教(第二批第二书库)/山东中教(第二批)/2504/ [索取号:R247.1/347:3] | 在馆 | |
| 22 | 2001238844 | 2001238844 | 中教(第二批第二书库)/山东中教(第二批)/2504/ [索取号:R247.1/347:3] | 在馆 | |
| 23 | 2001238845 | 2001238845 | 中教(第二批第二书库)/山东中教(第二批)/2504/ [索取号:R247.1/347:3] | 在馆 | |
| 24 | 2001238846 | 2001238846 | 中教(第二批第二书库)/山东中教(第二批)/2504/ [索取号:R247.1/347:3] | 在馆 | |
| 25 | 2001238847 | 2001238847 | 中教(第二批第二书库)/山东中教(第二批)/2504/ [索取号:R247.1/347:3] | 在馆 | |
| 26 | 2001238848 | 2001238848 | 中教(第二批第二书库)/山东中教(第二批)/2504/ [索取号:R247.1/347:3] | 在馆 | |
| 27 | 2001238849 | 2001238849 | 中教(第二批第二书库)/山东中教(第二批)/2504/ [索取号:R247.1/347:3] | 在馆 | |
| 28 | 2001238850 | 2001238850 | 中教(第二批第二书库)/山东中教(第二批)/2504/ [索取号:R247.1/347:3] | 在馆 | |
| 29 | 2001238851 | 2001238851 | 中教(第二批第二书库)/山东中教(第二批)/2504/ [索取号:R247.1/347:3] | 在馆 | |
| 30 | 2001238852 | 2001238852 | 中教(第二批第二书库)/山东中教(第二批)/2504/ [索取号:R247.1/347:3] | 在馆 |